Federal Subjects of Russia by Coat of Arms - Statistics

General Stats
  • This quiz has been taken 11 times
  • The average score is 36 of 89
Answer Stats
Picture Hint Answer % Correct
Federal City Moscow
90%
Federal City Saint Petersburg
90%
Oblast Moscow Oblast
80%
Republic Bashkortostan
70%
Republic Buryatia
70%
Republic Ingushetia
70%
Republic Republic of Crimea
70%
Republic Tuva
70%
Republic Adygea
60%
Republic Altai
60%
Republic Dagestan
60%
Autonomous Oblast Jewish Autonomous Oblast
60%
Krai Kamchatka Krai
60%
Republic Karelia
60%
Autonomous Okrug Khanty-Mansi Autonomous Okrug
60%
Republic Sakha
60%
Federal City Sevastopol
60%
Republic Tatarstan
60%
Oblast Volgograd Oblast
60%
Republic Chechnya
50%
Autonomous Okrug Chukotka Autonomous Okrug
50%
Republic Chuvashia
50%
Republic Kalmykia
50%
Krai Krasnodar Krai
50%
Republic Luhansk People's Republic
50%
Republic Mari El
50%
Autonomous Okrug Nenets Autonomous Okrug
50%
Oblast Nizhny Novgorod Oblast
50%
Krai Primorsky Krai
50%
Krai Stavropol Krai
50%
Autonomous Okrug Yamalo-Nenets Autonomous Okrug
50%
Oblast Astrakhan Oblast
40%
Oblast Chelyabinsk Oblast
40%
Republic Kabardino-Balkaria
40%
Oblast Kaliningrad Oblast
40%
Republic Karachay-Cherkessia
40%
Oblast Kemerovo Oblast
40%
Krai Khabarovsk Krai
40%
Republic Khakassia
40%
Oblast Kurgan Oblast
40%
Oblast Lipetsk Oblast
40%
Republic Mordovia
40%
Oblast Murmansk Oblast
40%
Oblast Novosibirsk Oblast
40%
Krai Perm Krai
40%
Oblast Ryazan Oblast
40%
Republic Udmurtia
40%
Oblast Ulyanovsk Oblast
40%
Oblast Voronezh Oblast
40%
Krai Zabaykalsky Krai
40%
Krai Altai
30%
Oblast Arkhangelsk Oblast
30%
Oblast Belgorod Oblast
30%
Oblast Bryansk Oblast
30%
Republic Donetsk People's Republic
30%
Oblast Ivanovo Oblast
30%
Oblast Kirov Oblast
30%
Republic Komi
30%
Krai Krasnoyarsk Krai
30%
Oblast Leningrad Oblast
30%
Oblast Magadan Oblast
30%
Republic North Ossetia-Alania
30%
Oblast Omsk Oblast
30%
Oblast Oryol Oblast
30%
Oblast Penza Oblast
30%
Oblast Pskov Oblast
30%
Oblast Rostov Oblast
30%
Oblast Smolensk Oblast
30%
Oblast Sverdlovsk Oblast
30%
Oblast Tambov Oblast
30%
Oblast Tomsk Oblast
30%
Oblast Tula Oblast
30%
Oblast Tver Oblast
30%
Oblast Yaroslavl Oblast
30%
Oblast Irkutsk Oblast
20%
Oblast Kostroma Oblast
20%
Oblast Kursk Oblast
20%
Oblast Novgorod Oblast
20%
Oblast Orenburg Oblast
20%
Oblast Samara Oblast
20%
Oblast Saratov Oblast
20%
Oblast Vladimir Oblast
20%
Oblast Zaporozhye Oblast
20%
Oblast Amur Oblast
10%
Oblast Kaluga Oblast
10%
Oblast Kherson Oblast
10%
Oblast Sakhalin Oblast
10%
Oblast Tyumen Oblast
10%
Oblast Vologda Oblast
10%
No matching quizzes found
Score Distribution
Percent of People with Each Score
Percentile by Number Answered
Your Score History
You have not taken this quiz